00624nam a2200181Ia 4500008004100000041000800041082001700049100001900066245002200085260001800107300000900125365000800134500000700142520000700149650002900156999001900185952023800204230516s9999 xx 000 0 und d aeng a547bMOR/BOY aMORRISON, BOYD aORGANIC CHEMISTRY bPEARSONc2013 a1472 h20% aPB aPC aPHARMACEUTICAL CHEMISTRY c374304d374304 00104070aPCMbPCMd2023-05-16eSai Book Center, 693, Budhwar peth 1/2 Saubhagya building, Bajirao Road, Pune-411002 020-24473272 Email: saibookpune@yahoo.ing875.00l0o547 MOR/BOYpPCM-B-12049r2023-05-16 00:00:00w2023-05-16yBK